• 首页
  • 本馆介绍
  • 公告通知
  • 最新文献
  • 馆藏检索
  • 电子资源
  • 读者导购
  • 参考咨询
  • 我的图书馆
  • 登录
  • 详细信息显示
  • 放入我的书架
  • 预约/预借图书
  • 作者相关作品
  • 分类相关作品
  • 丛书相关作品
  • 出版社相关作品

书目信息

  • 表格格式
  • 工作单格式
  • 卡片格式
题名:
构造地质学
    
 
作者: 弗森 著 ;付晓飞 , 王海学 , 孙永河 译
分册:  
出版信息: 北京   石油工业出版社  2021.4
页数: 644页
开本: 29cm
丛书名:
单 册:
中图分类: P54
科图分类:
主题词: 构造地质学--教材
电子资源:
ISBN: 978-7-5183-4411-6
000 01199nam0 2200313 45
001 012001001590
005 20211013150034.66
010    @a978-7-5183-4411-6@b精装@dCNY298.00
100    @a20210817d2021 em y0chiy50 ea
101 1  @achi@cnor
102    @aCN@b110000
105    @aa z 000yy
106    @ar
200 1  @a构造地质学@Agou zao di zhi xue@f(挪)Haakon Fossen著@g付晓飞,王海学,孙永河等译
205    @a2版
210    @a北京@c石油工业出版社@d2021.4
215    @a644页@c图,照片@d29cm
300    @a并列题名:Structural geology
305    @aCambridge University Press授权出版
330    @a本书在阐明构造地质学这一学术概念的基础上,用22章的内容系统地、全方位地介绍了构造地质学所涉及的知识,特别是对上地壳应用中涉及的构造地质学知识进行了详细的描述,提供了相关理论和与具体理论相对应的模型,突出了构造地质学在石油和水资源勘探和开发中的重要性。
510 1  @aStructural geology@zeng
606 0  @a构造地质学@j教材
690    @aP54@v5
701  0 @c(挪)@a弗森@Afu sen@c(Fossen, Haakon)@4著
702  0 @a付晓飞@Afu xiao fei@4译
702  0 @a王海学@Awang hai xue@4译
702  0 @a孙永河@Asun yong he@4译
801  0 @aCN@bBJSDL@c20211011
905    @b1336428-31@dP54@e174=2@f4
    
    构造地质学/(挪)Haakon Fossen著/付晓飞,王海学,孙永河等译.-2版.-北京:石油工业出版社,2021.4
    644页:图,照片;29cm
    并列题名:Structural geology
    
    ISBN 978-7-5183-4411-6(精装):CNY298.00
    本书在阐明构造地质学这一学术概念的基础上,用22章的内容系统地、全方位地介绍了构造地质学所涉及的知识,特别是对上地壳应用中涉及的构造地质学知识进行了详细的描述,提供了相关理论和与具体理论相对应的模型,突出了构造地质学在石油和水资源勘探和开发中的重要性。
●
相关链接 在E读中查询图书 在五车中查询图书 在当当中查询图书 在豆瓣中查询图书


正题名:构造地质学     索取号:P54/174=2         预约/预借

序号 登录号 条形码 馆藏地/架位号 状态 备注
1 1336428   213364287   第二样本阅览室/ [索取号:P54/174=2] 在馆    
2 1336429   213364296   第三借阅区/ [索取号:P54/174=2] 在馆    
3 1336430   213364303   第三借阅区/ [索取号:P54/174=2] 在馆    
4 1336431   213364312   第三借阅区/ [索取号:P54/174=2] 在馆    
唐山师范学院图书馆 欢迎您!
大连网信软件有限公司© 版权所有